[Event "82nd Tata Steel Masters 2020"]
[Site "Wijk aan Zee"]
[Date "2020.01.24"]
[Round "11.3"]
[White "Firouzja, Alireza"]
[Black "Anand, Viswanathan"]
[Result "0-1"]
[WhiteElo "2723"]
[BlackElo "2758"]
[Annotator "TA"]
[PlyCount "94"]
[EventDate "2020.01.11"]
[EventType "tourn"]
[EventCountry "NED"]
[SourceTitle "playchess.com"]
[Source "ChessBase"]
[SourceQuality "1"]

{[%evp 10,94,7,-6,0,0,10,0,0,-5,0,-7,-2,-9,18,0,0,0,0,0,0,0,0,-6,0,0,-6,-12,0,0,0,-14,-20,-46,-37,-50,-36,-66,-45,-58,-14,-83,-83,-83,-89,-79,-88,-133,-140,-139,-129,-150,-138,-186,-183,-175,-182,-170,-137,-170,-163,-203,-203,-196,-196,-195,0,-189,-180,-180,-180,-210,-210,-195,-188,-194,-194,-251,-233,-234,-188,-241,-227,-404,-395,-354,-322]} 1. d4 Nf6 2. c4 e6 3. Nc3 Bb4 4. f3 d5 5. a3 Be7 6. e4 dxe4 {E20: Nimzo-Indian: 4 g3 and 4 f3} 7. fxe4 c5 8. e5 Nfd7 {The position is equal.} 9. dxc5 Nxe5 10. Qxd8+ Bxd8 11. Be2 Bd7 $146 ({Predecessor:} 11... Nbd7 12. Be3 Bh4+ 13. Kd2 Be7 14. Ne4 {½-½ (80) Najer,E (2635)-Leko,P (2670) Douglas 2019}) 12. Nf3 Nxf3+ 13. Bxf3 Bc6 $1 14. Ne4 Bc7 15. b4 Nd7 16. Bb2 Ne5 17. O-O-O Nxf3 18. gxf3 Bf4+ 19. Kb1 f6 20. Rhg1 Kf7 21. Nd6+ Bxd6 22. Rxd6 g5 23. Rf1 {Threatens to win with b5.} a6 $1 24. Kc2 Rhd8 25. Kd2 (25. f4 $11 {keeps the balance.}) 25... e5 26. Ke3 Rxd6 27. cxd6 $17 {[%mdl 4096] Endgame KRB-KRB} Ke6 28. c5 {[#]} b6 $1 {[%mdl 512]} 29. h4 {[#]} (29. cxb6 Rb8) 29... h6 $1 ({Don't play} 29... gxh4 30. cxb6 Rb8 31. Rh1 $15) 30. hxg5 hxg5 31. cxb6 Rb8 32. Rd1 Rxb6 33. Kf2 Ba4 34. Rd2 Rb8 35. Kg3 Rc8 36. Kf2 Rc4 37. Kg3 Rc8 38. Kf2 $1 Rh8 39. Kg3 Rh1 40. Kg2 Rb1 41. Kg3 Bc6 42. Kf2 Kd7 43. Kg3 (43. Re2 $142) 43... Rf1 $19 44. Rd3 Ke6 45. Kg4 (45. Bc3 $142) 45... Rb1 46. Rd2 $2 (46. Bc3 {was worth a try.}) 46... Rg1+ 47. Kh3 Rf1 {Accuracy: White = 53%, Black = 72%.} 0-1

[Event "82nd Tata Steel Masters 2020"]
[Site "Wijk aan Zee"]
[Date "2020.01.24"]
[Round "11.4"]
[White "Kovalev, Vladislav"]
[Black "Caruana, Fabiano"]
[Result "0-1"]
[WhiteElo "2660"]
[BlackElo "2822"]
[Annotator "TA"]
[PlyCount "72"]
[EventDate "2020.01.11"]
[EventType "tourn"]
[EventCountry "NED"]
[SourceTitle "playchess.com"]
[Source "ChessBase"]
[SourceQuality "1"]

{[%evp 23,72,40,43,25,25,35,24,-29,-24,-17,-16,-23,-22,-27,-29,-24,-18,-37,-37,-76,-75,-64,-61,-54,-54,-51,-45,-58,-51,-63,-53,-131,-145,-143,-134,-189,-156,-210,-210,-241,-246,-291,-282,-671,-664,-656,-643,-4133,-3946,-1247,-1200]} 1. e4 e5 2. Nf3 Nc6 3. Bb5 a6 4. Ba4 Nf6 5. O-O b5 6. Bb3 Bc5 7. c3 d6 8. a4 Rb8 9. d4 Bb6 10. axb5 axb5 11. Na3 O-O 12. Nxb5 Bg4 13. Re1 {C78: Ruy Lopez: Archangelsk and Möller Defences.} Bxf3 14. gxf3 Nh5 15. f4 (15. Kh1 $142) 15... Nxf4 16. Bxf4 exf4 {[#]} 17. Kh1 $146 ({Predecessor:} 17. Ba4 Ne7 18. b4 Qd7 19. Qd3 Ra8 20. c4 Nc6 21. Reb1 Nxd4 22. Nxd4 Rxa4 23. Nf5 Rxa1 24. Rxa1 {0-1 (62) Hansen,E (2603)-Jones,G (2665) Wijk aan Zee 2017}) 17... Ne7 18. Bc2 Ng6 19. b4 c6 20. Na3 $1 c5 21. bxc5 dxc5 22. Nc4 {Threatening d5.} cxd4 23. Nxb6 {[#] And now Nd5 would win.} Rxb6 24. cxd4 Rd6 25. Ra4 Ne5 {[%cal Bg6e5,Be5c6,Bc6d4][%mdl 32] Hoping for ...Qh4.} 26. f3 Nc6 {[%cal Rc6d4]} 27. e5 (27. d5 $15) 27... Rxd4 $17 28. Rxd4 Nxd4 29. Be4 (29. Re4 $17 Ne6 30. Qxd8 Rxd8 31. Re2) 29... Qh4 $19 30. Rg1 (30. Qb1 $17) 30... Rd8 31. Qf1 g6 32. Rg4 Qe7 33. Rxf4 $2 {[#]} (33. Rg1) 33... Qxe5 {Black is clearly winning.} 34. Rh4 Ne6 35. Rh3 Nf4 36. Rg3 Rd2 {Accuracy: White = 51%, Black = 100%.} 0-1

[Event "82nd Tata Steel Masters 2020"]
[Site "Wijk aan Zee"]
[Date "2020.01.24"]
[Round "11.5"]
[White "Artemiev, Vladislav"]
[Black "Van Foreest, Jorden"]
[Result "1-0"]
[WhiteElo "2731"]
[BlackElo "2644"]
[Annotator "TA"]
[PlyCount "113"]
[EventDate "2020.01.11"]
[EventType "tourn"]
[EventCountry "NED"]
[SourceTitle "playchess.com"]
[Source "ChessBase"]
[SourceQuality "1"]

{[%evp 10,113,5,-2,-10,-11,35,0,4,0,6,-31,25,20,43,35,47,14,63,55,70,36,94,67,70,63,48,56,68,64,49,62,80,67,79,63,143,131,138,135,133,123,169,158,138,127,122,126,126,120,118,128,166,152,199,177,200,177,201,192,197,133,133,0,183,182,182,190,191,198,187,189,262,259,252,241,304,294,320,321,408,402,418,435,476,440,512,475,1008,1145,1091,993,1121,1120,5620,9253,29982,29983,29983,29984,29984,29985,29985,29986,29985,29986]} 1. c4 e5 2. Nc3 Nf6 3. Nf3 Nc6 4. d3 d5 5. cxd5 Nxd5 6. e3 Be7 {A28: English Opening: Four Knights Variation} 7. Be2 g5 $146 ({Predecessor:} 7... O-O 8. Bd2 Be6 9. a3 a5 10. Qc2 Nb6 11. b3 f5 12. Bc1 Bf6 13. Bb2 g5 14. Nd2 {0-1 (39) Aronian,L (2775)-Ding,L (2801) London 2019}) 8. h3 Be6 {The position is equal.} 9. a3 f5 10. Nd2 O-O ({Black should play} 10... Bf7 $15) 11. O-O $11 Nf6 12. b4 Bd6 13. Bb2 Ne7 14. Nc4 Ng6 15. d4 exd4 (15... e4 $14) 16. Qxd4 Be7 17. Nb5 c6 18. Qxd8 $1 Raxd8 19. Nd4 ({Not} 19. Nxa7 Ra8 $17) 19... Bc8 $1 20. Rfd1 Nd5 21. Rd2 Bf6 22. Rad1 Nb6 (22... f4 $14) 23. Nxb6 $16 axb6 24. Bc4+ Kh8 25. Be6 {Black must now prevent Bxc8.} Be5 26. Bxc8 Rxc8 27. Ne6 Rg8 28. Nxg5 Bxb2 29. Rxb2 Ne5 30. Ne6 Rge8 31. Nd4 Rcd8 {and if ...c5 works, Black does fine.} 32. Rbb1 Nc4 33. Nxf5 Nxa3 34. Rbc1 {aiming for Nd6.} Kg8 35. Nd6 (35. g4 $18) 35... Re7 {intending ...Red7.} 36. Nf5 (36. Rd4 $16) 36... Red7 $2 {[#]} (36... Ree8 $1 $11 {and Black has nothing to worry.}) 37. Rxd7 $18 Rxd7 {[%mdl 4096] Endgame KRN-KRN} 38. g4 Kf7 39. Kg2 Rd2 40. h4 Nc2 (40... Ke6 {was worth a try.} 41. Nd4+ Kf7) 41. Nd6+ $1 {[%mdl 64] [#] Deflection} Rxd6 42. Rxc2 {KR-KR} Ke6 43. h5 Rd5 44. f4 Rb5 45. Rc4 c5 46. bxc5 bxc5 47. g5 Kd5 48. g6 hxg6 (48... Ra5 $142) 49. hxg6 Ra5 50. Rc2 Ra8 51. f5 c4 52. f6 c3 53. f7 {White mates.} Ke6 54. Rf2 c2 55. Rxc2 Kf6 56. Rf2+ Kg7 57. e4 {Accuracy: White = 81%, Black = 37%.} 1-0

[Event "82nd Tata Steel Masters 2020"]
[Site "Wijk aan Zee"]
[Date "2020.01.24"]
[Round "11.6"]
[White "So, Wesley"]
[Black "Xiong, Jeffery"]
[Result "1/2-1/2"]
[WhiteElo "2765"]
[BlackElo "2712"]
[Annotator "TA"]
[PlyCount "27"]
[EventDate "2020.01.11"]
[EventType "tourn"]
[EventCountry "NED"]
[SourceTitle "playchess.com"]
[Source "ChessBase"]
[SourceQuality "1"]

{[%evp 16,27,41,18,50,31,18,0,0,0,33,0,0,0]} 1. e4 c5 2. Nf3 d6 3. d4 cxd4 4. Nxd4 Nf6 5. Nc3 a6 6. Be3 Nbd7 7. f3 e6 8. g4 h6 9. h4 Ne5 {B80: Sicilian Scheveningen: 6 g3 and 6 Be3, including English Attack} 10. Rg1 Qb6 11. Na4 $146 ({Predecessor:} 11. Qc1 d5 12. Be2 dxe4 13. Nxe4 Nxe4 14. fxe4 Be7 15. Rh1 Bd7 16. c3 Qc7 17. Bf2 {1-0 (45) Short,N (2615)-Kasparov,G (2735) London 1987}) 11... Qa5+ 12. Nc3 $1 Qb6 $1 {[%cal Rb6b2]} 13. Na4 Qa5+ 14. Nc3 $1 1/2-1/2

[Event "82nd Tata Steel Masters 2020"]
[Site "Wijk aan Zee"]
[Date "2020.01.24"]
[Round "11.7"]
[White "Vitiugov, Nikita"]
[Black "Dubov, Daniil"]
[Result "1/2-1/2"]
[WhiteElo "2747"]
[BlackElo "2683"]
[Annotator "TA"]
[PlyCount "47"]
[EventDate "2020.01.11"]
[EventType "tourn"]
[EventCountry "NED"]
[SourceTitle "playchess.com"]
[Source "ChessBase"]
[SourceQuality "1"]

{[%evp 13,47,51,61,54,57,57,52,50,52,33,33,0,0,0,0,2,2,1,2,2,4,0,0,0,0,0,0,0,0,0,0,0,0,0,0,0]} 1. e4 e5 2. Nf3 Nc6 3. Bb5 a6 4. Ba4 Nf6 5. O-O Nxe4 6. d4 Be7 7. Re1 b5 8. Rxe4 {Strongly threatening Bb3. C84: Closed Ruy Lopez: Unusual White 6th moves} d5 9. Nxe5 Nxe5 10. Rxe5 {aiming for Bb3.White is slightly better.} bxa4 11. b3 (11. Qe2 c6 12. Bd2 Be6 13. f4 g6 14. Nc3 a3 15. b3 Bd6 {½-½ (46) Vachier Lagrave,M (2780)-Carlsen,M (2872) London 2019}) 11... O-O 12. Rxe7 {[%mdl 64] [#] Remove Defender} Qxe7 {The position is equal.} 13. Ba3 Qg5 $1 14. Bxf8 Bh3 {[%csl Gh3][%cal Rg5g2]} 15. Qf1 {Bc5 is the strong threat.} Kxf8 16. Nc3 {[#]} axb3 $146 ({Predecessor:} 16... Re8 17. Kh1 Qd2 18. Nxd5 Bxg2+ 19. Qxg2 Re1+ 20. Rxe1 Qxe1+ 21. Qg1 Qe4+ {½-½ (21) Relange,E (2490)-Benjamin,J (2595) Mermaid Beach 1998}) 17. cxb3 Re8 18. Kh1 Qd2 19. Nxd5 Bxg2+ 20. Qxg2 {Hoping for Rg1.} Re1+ 21. Rxe1 Qxe1+ 22. Qg1 Qe4+ {[%mdl 64] [#] Double Attack} 23. Qg2 Qe1+ 24. Qg1 1/2-1/2

[Event "82nd Tata Steel Masters 2020"]
[Site "Wijk aan Zee"]
[Date "2020.01.25"]
[Round "12.1"]
[White "Carlsen, Magnus"]
[Black "Artemiev, Vladislav"]
[Result "1/2-1/2"]
[WhiteElo "2872"]
[BlackElo "2731"]
[Annotator "TA"]
[PlyCount "73"]
[EventDate "2020.01.11"]
[EventType "tourn"]
[EventCountry "NED"]
[SourceTitle "playchess.com"]
[Source "ChessBase"]
[SourceQuality "1"]

{[%evp 19,73,10,16,16,20,17,19,13,13,23,20,20,20,18,15,17,20,14,58,32,59,59,59,59,59,59,59,59,59,59,59,59,59,59,59,59,59,59,59,13,31,0,0,0,0,0,0,0,0,0,0,0,0,0,0,0]} 1. d4 Nf6 2. c4 g6 3. Nc3 d5 4. cxd5 Nxd5 5. e4 Nxc3 6. bxc3 Bg7 7. Be3 c5 8. Rc1 Qa5 9. Qd2 O-O 10. Nf3 Rd8 11. Be2 {D85: Exchange Grünfeld: Unusual White 7th moves and lines with 7 Nf3} cxd4 12. cxd4 Qxd2+ 13. Bxd2 Na6 {[#]} 14. Be3 $146 ({Predecessor:} 14. d5 Bd7 15. O-O Rac8 16. Be3 Nb4 17. Rxc8 Bxc8 18. Bc4 b6 {½-½ (35) Sjugirov,S (2650)-Svidler,P (2765) St Petersburg 2017}) 14... Bg4 15. Ne5 Bxe2 16. Kxe2 f5 17. Kf3 Rac8 18. h4 Nb4 19. exf5 {And now Rxc8 would win.} (19. Rxc8 {seems wilder.} fxe4+ 20. Kxe4 Rxc8 21. Rb1 Nxa2 22. Rxb7 Nc3+ 23. Kd3) 19... gxf5 20. Rxc8 Rxc8 21. Rb1 a5 22. a3 Nd5 23. Rb5 e6 24. Rxa5 Bxe5 25. dxe5 $14 {[%mdl 4096] Endgame KRB-KRN} Rc3 {Threatening ...f4.} 26. Ke2 Nxe3 27. fxe3 {KR-KR} Rb3 28. Kf3 Kg7 29. g3 Kg6 30. a4 Rb4 $1 {The position is equal.} 31. Ra7 h6 32. Ra8 Re4 33. Ra5 Rb4 34. Ra7 Kh5 35. Ra8 {Re8 is the strong threat.} Re4 $1 36. Ra5 Rc4 37. Ra7 {Accuracy: White = 83%, Black = 85%.} 1/2-1/2

[Event "82nd Tata Steel Masters 2020"]
[Site "Wijk aan Zee"]
[Date "2020.01.25"]
[Round "12.2"]
[White "Vitiugov, Nikita"]
[Black "Firouzja, Alireza"]
[Result "1/2-1/2"]
[WhiteElo "2747"]
[BlackElo "2723"]
[Annotator "TA"]
[PlyCount "66"]
[EventDate "2020.01.11"]
[EventType "tourn"]
[EventCountry "NED"]
[SourceTitle "playchess.com"]
[Source "ChessBase"]
[SourceQuality "1"]

{[%evp 24,66,29,25,30,29,39,24,37,29,23,26,56,51,96,60,68,62,62,68,74,75,66,65,82,54,114,51,37,41,57,56,50,42,135,91,87,89,91,0,0,0,0,0,84]} 1. e4 e5 2. Nf3 Nc6 3. Bb5 a6 4. Ba4 Nf6 5. O-O Bc5 6. c3 b5 7. Bb3 d6 8. d4 Bb6 9. Be3 O-O 10. Nbd2 h6 11. h3 Bb7 12. Re1 Re8 13. d5 Ne7 {[%cal Bc6e7,Be7g6,Bg6f4][%mdl 32] C78: Ruy Lopez: Archangelsk and Möller Defences} 14. Bxb6 cxb6 15. a4 bxa4 {White has an edge.} 16. Bxa4 b5 17. Bc2 Ng6 (17... Qb6 18. Bd3 Bc8 19. b4 Bd7 20. c4 bxc4 21. Nxc4 {0-1 (52) Alekseenko,K (2638)-Grischuk,A (2771) St Petersburg 2018}) 18. Bd3 {[#]} Nh5 $146 ({Predecessor:} 18... Qb6 19. Bf1 Rec8 20. Qb3 Nd7 21. Qb4 {½-½ (49) Kharchenko,B (2461)-Simantsev,M (2511) Kharkov 2009}) 19. b4 Ngf4 20. Bf1 $1 f5 21. exf5 Nf6 22. c4 bxc4 23. Nxc4 N4xd5 24. Na5 Qb6 (24... Qc7 $14) 25. Nxb7 (25. Nd2 $16) 25... Qxb7 $14 26. Bc4 {[#] And now Ra5 would win.} Kh8 27. Bxd5 Nxd5 28. Ra5 $36 {[%mdl 2048] White has good play.} Nxb4 (28... Nf4 $1 $14) 29. Qxd6 {Threatens to win with Rb1.} Rad8 30. Qg6 Nd3 31. Nxe5 ({White should play} 31. Re3 $16) 31... Nxe1 $11 {The position is equal.} 32. Nf7+ {[%mdl 64] [#] Double Attack} Kg8 33. Nxd8 Qxg2+ {Accuracy: White = 53%, Black = 49%.} (33... Nf3+ $11 {remains equal.} 34. gxf3 Re1+ 35. Kg2 Qb1 36. Qf7+ (36. Qxa6 $2 Rg1+ 37. Kh2 Rh1+ 38. Kg3 Qg1+ 39. Kf4 Qc1+ 40. Ke4 Re1+ 41. Kd4 Rd1+ 42. Qd3 Qb2+ {[%mdl 64] Double Attack} 43. Kc4 Rxd3 $19) 36... Kh7 37. Qg6+ Kg8 38. Qf7+ (38. Qxa6 $2 Rg1+ 39. Kh2 Rh1+ 40. Kg3 Qg1+ 41. Kf4 Qc1+ 42. Ke4 Re1+ 43. Kd4 Rd1+ 44. Qd3 Qb2+ {[%mdl 64] Double Attack} 45. Kc4 Rxd3 $19) 38... Kh7 39. Qg6+ Kg8) 1/2-1/2

[Event "82nd Tata Steel Masters 2020"]
[Site "Wijk aan Zee"]
[Date "2020.01.25"]
[Round "12.3"]
[White "Xiong, Jeffery"]
[Black "Giri, Anish"]
[Result "1/2-1/2"]
[WhiteElo "2712"]
[BlackElo "2768"]
[Annotator "TA"]
[PlyCount "214"]
[EventDate "2020.01.11"]
[EventType "tourn"]
[EventCountry "NED"]
[SourceTitle "playchess.com"]
[Source "ChessBase"]
[SourceQuality "1"]

{[%evp 19,214,25,27,25,28,23,30,30,35,21,30,18,15,18,25,3,8,-18,-8,-15,-10,-31,-26,-70,-70,-67,-73,-81,-52,-43,-18,-17,-20,-16,-22,-16,-14,-16,-33,-13,0,0,-10,-20,0,-1,0,0,0,0,0,0,0,0,0,-23,0,0,0,0,0,0,0,0,0,0,0,0,0,0,-5,-22,-14,-14,-8,-22,0,0,0,0,0,0,0,0,0,0,0,-29,-1,-8,0,0,0,0,0,0,0,0,0,0,0,0,0,0,0,0,0,0,0,0,0,0,0,0,0,0,0,0,0,0,0,0,0,0,0,0,0,0,0,0,0,0,0,0,0,0,0,0,0,0,0,0,0,0,0,0,0,0,0,0,0,0,0,0,0,0,0,0,0,0,0,0,0,0,0,0,0,0,0,0,0,0,0,0,0,0,0,0,0,0,0,0,0,0,0,0,0,0,0,0,0,0,0,0,0,0,0]} 1. e4 c5 2. Nf3 Nc6 3. Nc3 e5 4. Bc4 d6 5. d3 Be7 6. Nd2 Nf6 7. Nf1 Bg4 8. f3 Be6 9. Ne3 O-O 10. O-O Rb8 11. a4 {B30: Sicilian: 2...Nc6 3 Bb5, lines without ...g6} Nb4 12. Bd2 Nh5 13. Ned5 $146 {White has an edge.} ({Predecessor:} 13. Ncd5 Nxd5 14. Nxd5 Bg5 15. g3 Bxd2 16. Qxd2 Bxd5 17. Bxd5 Re8 18. Bc4 Nf6 {½-½ (49) Ljubicic,L (2585)-Hedlund,T (2561) ICCF email 2014}) 13... Nxd5 14. Bxd5 Bg5 15. g3 {[#] f4 is the strong threat.} Bxd2 16. Qxd2 Nf6 17. Bxe6 fxe6 18. f4 exf4 19. Qxf4 Qb6 20. Nb5 Rbd8 21. e5 dxe5 22. Qxe5 c4+ 23. d4 Rd5 24. Qe3 e5 {Strongly threatening ...a6.} (24... a6 $5 {[%cal Ra6b5]} 25. Na3 Rc8 $11) 25. Qe2 $1 {[%cal Re2c4]} Rc8 26. c3 $1 a6 27. Na3 exd4 28. Nxc4 Qc6 {Hoping for ...d3.} 29. cxd4 $1 Qxc4 30. Qe6+ Kh8 31. Rxf6 $1 Qxd4+ 32. Rf2 $1 $132 {[%mdl 2048] White is fighting back} Rf8 33. Raf1 {[#]} Rdf5 $1 {[%cal Rf5f2][%mdl 512]} 34. Qe2 R5f6 35. Qc2 Kg8 36. a5 h6 37. Qb3+ R8f7 {[%cal Rf6f2]} 38. Qc2 Rf5 39. Kg2 Rxf2+ 40. Rxf2 Rxf2+ 41. Qxf2 $11 {[%mdl 4096] Endgame KQ-KQ} Qd5+ 42. Qf3 Qd2+ 43. Kh3 Qxb2 44. Qd5+ Kh7 45. Kg4 Qb4+ 46. Kf3 {Threatens to win with Qe4+.} Qc3+ 47. Ke4 Qe1+ 48. Kd4 Qd2+ 49. Ke5 Qg5+ 50. Kd4 {And now Qxg5 would win.} Qd2+ 51. Ke5 Qb2+ (51... Qxh2 $5 52. Qd3+ $8 Kh8 53. Qd8+ Kh7 54. Qd3+ Kh8 55. Qd8+ Kh7 56. Qd3+ $11) 52. Qd4 Qa3 53. Qb6 Qe7+ 54. Kd5 {The position is equal.} Kg8 55. Qe6+ Kf8 $1 56. Qc8+ Kf7 57. h4 $1 g6 58. g4 Kg7 ({Much weaker is} 58... Qxh4 59. Qxb7+ Qe7 60. Qxa6 $16) 59. Qe6 Qd8+ 60. Kc4 $1 Qc7+ 61. Kd3 Qg3+ 62. Ke2 Qg2+ (62... Qxh4 $5 63. Qd7+ $8 Kh8 $11) 63. Ke3 Qg1+ 64. Ke2 Qg2+ 65. Ke3 Qg3+ 66. Ke2 Qf4 (66... Qxh4 $5 67. Qd7+ $8 Kh8 $11) 67. Qe7+ Qf7 68. Qe5+ Kg8 69. Qb8+ Kh7 70. Qd6 Qc4+ 71. Ke3 Qc3+ 72. Ke2 Qc8 73. Ke3 Qe8+ 74. Kd4 Qa4+ 75. Ke3 Qb3+ 76. Kd4 Qb2+ 77. Kd3 Qb1+ 78. Ke3 Qe1+ 79. Kf3 Qh1+ 80. Ke3 Qh3+ 81. Kd2 $1 Qg2+ 82. Ke3 Qg1+ 83. Kf3 Qh1+ 84. Ke3 Qc1+ 85. Ke2 Qc2+ 86. Ke3 Qc3+ 87. Ke2 Qc8 88. Ke3 Kg7 89. Qe5+ Kf7 90. Qf4+ Ke7 91. Qb4+ Kf7 92. Qf4+ Kg8 93. Qd6 Qc3+ 94. Kf4 Qc1+ 95. Ke4 Qe1+ 96. Kf3 Qh1+ 97. Ke3 Qh3+ 98. Kd2 $1 Qg2+ 99. Ke3 Qg1+ 100. Kf3 Qf1+ 101. Ke3 Qe1+ 102. Kf3 Qc3+ 103. Kf4 Qc4+ 104. Ke3 Qc1+ 105. Ke4 {aiming for Qb8+.} Qb1+ 106. Ke3 Qb3+ 107. Ke4 Qa4+ {Accuracy: White = 73%, Black = 63%.} 1/2-1/2

[Event "82nd Tata Steel Masters 2020"]
[Site "Wijk aan Zee"]
[Date "2020.01.25"]
[Round "12.4"]
[White "Van Foreest, Jorden"]
[Black "So, Wesley"]
[Result "1/2-1/2"]
[WhiteElo "2644"]
[BlackElo "2765"]
[Annotator "TA"]
[PlyCount "77"]
[EventDate "2020.01.11"]
[EventType "tourn"]
[EventCountry "NED"]
[SourceTitle "playchess.com"]
[Source "ChessBase"]
[SourceQuality "1"]

{[%evp 17,77,4,0,0,0,-8,12,8,12,12,14,15,27,13,21,0,4,0,8,0,4,0,7,2,5,4,11,12,6,8,10,0,13,10,20,13,30,17,15,0,0,0,0,0,0,0,0,0,0,0,0,0,0,0,0,0,0,0,0,0,0,0]} 1. e4 e5 2. Nf3 Nc6 3. Nc3 Nf6 4. d4 exd4 5. Nxd4 Bb4 6. Nxc6 bxc6 7. Bd3 d5 8. exd5 O-O 9. O-O cxd5 10. h3 {C47: Scotch Four Knights and Four Knights with 4 g3} (10. Bg5 c6 11. Qf3 Bd6 12. Rae1 Rb8 13. Nd1 h6 14. Bxf6 Qxf6 15. Qxf6 gxf6 16. b3 f5 17. Ne3 f4 18. Nf5 Bxf5 19. Bxf5 Kg7 20. g3 Kf6 21. Bd3 {½-½ (30) Movsesian,S (2654)-Ding,L (2811) Khanty-Mansiysk 2019}) 10... c6 11. Qf3 Rb8 12. Bf4 Bd6 13. b3 a5 14. Rfe1 Be6 15. Na4 $146 ({Predecessor:} 15. Rad1 Bxf4 16. Qxf4 Rb4 17. Qf3 Nd7 {0-1 (57) Medarde Santiago,L (2359)-Perez Candelario,M (2628) Evora 2019}) 15... Qc7 16. Bg5 Nd7 17. Qh5 {[%csl Gd3][%cal Rh5h7] [#]} g6 18. Qe2 Bh2+ 19. Kh1 Bf4 20. Bxf4 Qxf4 21. Rad1 Rfe8 {White should prevent ...Bxh3!} 22. Qe3 Qxe3 23. Rxe3 Kf8 24. Kh2 c5 25. Ba6 Red8 26. Re2 d4 27. c3 dxc3 {The position is equal.} 28. Nxc3 Nb6 29. Rxd8+ Rxd8 30. Ne4 c4 31. Ng5 cxb3 {And now ...Bd5 would win.} 32. Nxe6+ fxe6 33. axb3 $11 {[%mdl 4096] Endgame KRB-KRN} Ke7 34. Rc2 Rd4 35. Rc5 Rd5 36. Rc6 Rd6 37. Rc5 Rd5 38. Rc6 Rd6 39. Rc5 {Accuracy: White = 83%, Black = 78%.} 1/2-1/2

[Event "82nd Tata Steel Masters 2020"]
[Site "Wijk aan Zee"]
[Date "2020.01.25"]
[Round "12.5"]
[White "Caruana, Fabiano"]
[Black "Duda, Jan-Krzysztof"]
[Result "1-0"]
[WhiteElo "2822"]
[BlackElo "2758"]
[Annotator "TA"]
[PlyCount "98"]
[EventDate "2020.01.11"]
[EventType "tourn"]
[EventCountry "NED"]
[SourceTitle "playchess.com"]
[Source "ChessBase"]
[SourceQuality "1"]

{[%evp 14,98,24,28,12,15,11,13,16,14,6,14,13,12,13,0,11,6,9,2,28,-2,44,51,158,166,168,112,124,108,117,129,134,64,138,66,71,78,56,113,110,109,101,97,108,117,111,108,149,143,145,151,168,166,146,148,177,118,121,117,148,146,166,149,157,154,149,137,193,183,288,268,263,244,244,244,244,237,545,545,541,534,667,208,675,667,1168]} 1. d4 Nf6 2. c4 e6 3. g3 d5 4. Bg2 Be7 5. Nf3 O-O 6. O-O dxc4 7. Qa4 c6 8. Qxc4 b5 {E06: Closed Catalan: Early deviations} 9. Qb3 (9. Qc2 Bb7 10. Bg5 Nbd7 11. Ne5 Nxe5 12. dxe5 Nd7 13. Bxe7 Qxe7 14. f4 f6 15. exf6 Nxf6 16. Nd2 e5 17. e3 exf4 18. exf4 Rae8 {½-½ (41) Radjabov,T (2756)-Karjakin,S (2753) Shamkir 2019}) 9... Bb7 10. Rd1 Nbd7 {The position is equal.} 11. Ne5 Nxe5 12. dxe5 Nd7 $1 13. Bf4 $146 ({Predecessor:} 13. Nc3 Qc7 {1-0 (34) Fridman,D (2600)-Keymer,V (2491) Douglas 2018}) 13... Qc7 14. Nc3 Nc5 15. Qc2 {next b4 is good for White.} b4 16. Nb1 Ba6 17. Bf3 Rac8 18. a3 Rb8 ({Black should try} 18... bxa3 $14 19. Rxa3 Bb5) 19. axb4 $16 Rxb4 20. Be3 ({Better is} 20. Bd2 $18 Rfb8 21. Bxb4 Rxb4 22. Qc3) 20... Qb7 21. Nd2 $1 {[%cal Bb1d2,Bd2c4,Bc4d6][%mdl 32]} Rxb2 22. Qc3 Rb5 23. Ra3 (23. Kg2 $16) 23... Qb8 (23... Rb8 $14) 24. Rda1 (24. Bxc6 $16 Rb6 25. Bf3 (25. Bxc5 Rxc6 26. Qf3 Rxc5 $15)) 24... Bb7 $14 25. Rxa7 Nd7 26. Nc4 (26. Bxc6 Rc8 $17) 26... Rd8 27. Be4 $36 {[%mdl 2048] Black is under strong pressure.} c5 28. Qc2 h6 29. Bd2 $1 Nf8 30. Bd3 Rd7 31. Nd6 Rb6 32. Qxc5 Bd5 33. Rxd7 $1 Nxd7 34. Qc8+ {[%mdl 64] Double Attack} Nf8 35. Qxb8 ({White should play} 35. Be3 $18 Bxd6 36. Qxb8 Rxb8 37. exd6) 35... Rxb8 $16 36. f4 Bd8 37. Kf2 Nd7 38. Be3 g5 39. Bd4 {aiming for Bb5.} Rb4 40. Ke3 gxf4+ (40... f5 $16 {keeps fighting.} 41. Bb5 Nb6) 41. gxf4 $18 Kf8 {[#]} (41... Bb6 {was necessary.} 42. Bxb6 Nxb6) 42. Bb5 $1 {[%cal Rb5d7]} Nf6 43. exf6 Rxd4 {[#]} 44. Rc1 $1 {[%cal Rc1c8] White threatens Rc8! and mate.} ({Not} 44. Kxd4 Bxf6+ 45. Kd3 Bxa1 $11) ({Don't take} 44. Ra7 $6 Re4+ 45. Kd2 (45. Nxe4 Bb6+ 46. Kd3 Bxa7 $11) 45... Rd4+ 46. Bd3 Bc6) 44... Bxf6 45. Rc7 Bh8 $2 (45... Ba2 {is tougher.}) 46. Rc8+ Ke7 47. Rxh8 Rb4 48. Nc8+ Kf6 49. Bd3 Be4 {Accuracy: White = 84%, Black = 53%.} 1-0